000 00851nam a22002897a 4500
001 BR9100902
003 BR-BrBNA
005 20230928093532.0
007 ta
008 230509b bl.||||| |||| 00| 0 por d
040 _aBR-BrBNA
_bpor
_cBiblioteca Nacional de Agricultura
041 _a(Por)
072 _aP31
090 _ P31 BR9100902
100 1 _aSantos, M. do C.S.R. dos
110 1 _aInstituto de Pesquisas Tecnologicas, Sao Paulo, SP (Brasil)
_96224
245 1 _aManual de fundamentos cartograficos e diretrizes gerais para elaboracao de mapas geologicos, geomorfologicos e geotecnicos
260 3 _aSao Paulo, SP (Brasil):
_c1989.
300 _a52 p.
650 _aCARTOGRAFIA
650 _aMAPA
650 _aSOLO
650 _aGEOLOGIA
650 _aGEOMORFOLOGIA
909 _a202309
_bLucia
_c55
_dLucia Elande
942 _cBK
999 _c45548
_d45548